Actualización e intereses en materia de créditos laborales (Registro nro. 18600)
[ vista simple ]
| 000 -LEADER | |
|---|---|
| fixed length control field | 00369 a2200121 4500 |
| 001 - CONTROL NUMBER | |
| control field | ART_38420 |
| 005 - DATE AND TIME OF LATEST TRANSACTION | |
| control field | 20260410161739.0 |
| 008 - FIXED-LENGTH DATA ELEMENTS--GENERAL INFORMATION | |
| fixed length control field | 260409a |
| 100 1# - MAIN ENTRY--PERSONAL NAME | |
| Personal name | Formaro, Juan J. |
| 245 10 - TITLE STATEMENT | |
| Title | Actualización e intereses en materia de créditos laborales |
| 700 1# - ADDED ENTRY--PERSONAL NAME | |
| Personal name | Barreiro, Diego A. |
| 773 0# - HOST ITEM ENTRY | |
| Title | Doctrina laboral |
| Related parts | - Nº 348 (ago. 2014) |
| Record control number | REV4049 |
No hay ítems disponibles.